| 000 | 00398pab a2200145 454500 | ||
|---|---|---|---|
| 008 | 180718b xxu||||| |||| 00| 0 eng d | ||
| 100 | _aRamanathan Usha | ||
| 245 | _aInhuman torture: upgrade investigative techniques, don't degrade human beings | ||
| 362 | _a30 Oct 93, p.8 | ||
| 650 | _a Torture | ||
| 650 | _a Crime and Criminals | ||
| 650 | _aPolice | ||
| 773 | _aIndian Express | ||
| 909 | _a25959 | ||
| 999 |
_c25959 _d25959 |
||